Revista Paradigmas Socio-Humanísticos

Kaydedildi:
Detaylı Bibliyografya
Materyal Türü: Elektronik Dergi
Baskı/Yayın Bilgisi: Fundacion Universitaria Juan N. Corpas
Online Erişim:Available in Fuente Académica Plus.
Etiketler: Etiketle
Etiket eklenmemiş, İlk siz ekleyin!

MARC

LEADER 00000nas a22000002 4500
001 ebs77899075e
003 EBZ
006 m d ||||||
007 cr|unu||||||||
008 241105| xx uu p o 0 0||| d
035 |a (EBZ)ebs77899075e 
040 |a EBZ 
042 |a msc 
130 0 |a Revista Paradigmas Socio-Humanísticos (Online) 
222 1 0 |a Revista Paradigmas Socio-Humanísticos 
245 0 0 |a Revista Paradigmas Socio-Humanísticos  |h [electronic resource]. 
260 |b Fundacion Universitaria Juan N. Corpas 
773 0 |t Fuente Académica Plus   |d EBSCO 
856 4 0 |3 Full text available: Jan 2023-.  |z Available in Fuente Académica Plus.  |u https://researchs.unach.elogim.com/direct.asp?db=fap&jid=MYZK&scope=site 
901 |a Academic Journal